000 00285nam a2200121Ia 4500
008 220216s9999 xx 000 0 und d
100 _aAmbili K K
245 0 _aRubberinu valam idumbol
260 _bRubber
_c2017
300 _a10-Jul
650 _aFertilizer application
942 _cJS
999 _c68255
_d68255